000 01051nam a2200229Ia 4500
001 19037
005 20260406171540.0
008 260306s9999||||xx |||||||||||||| ||und||
041 _aESP
082 _a658.8
_bA114
100 _aAaker, David A.
_eAUT
245 0 _aConstruir marcas poderosas
260 _c2002
300 _a288 páginas :
_c24 cm.
650 _aGEN
654 _aCAN
856 _uhttps://itmsp.museknowledge.com/UCSP?url=https://www.ebooks7-24.com:443/?il=10911&pg=1
_zVéase además: Las leyes de la marca, el storytelling: cómo mantener y ganar más clientes. Versión digital
856 _uhttps://0u213vcm4-y-https-ebooks7--24-com.itmsp.museknowledge.com/biblioteca.aspx
_zVéase además: Base de datos Ebook7-24
856 _uhttps://0u20fvcm8-y-https-research-ebsco-com.itmsp.museknowledge.com/c/qxo6us/search
_zVéase además: Base de datos EBSCOhost
856 _uhttps://0u20yvcmb-y-https-www-bibliotechnia-com-mx.itmsp.museknowledge.com/
_zVéase además: Base de datos BiblioTechnia
942 _cLIB
_dJUS
_fJUS
_2ddc
999 _c19037
_d19037